000 01317cam a2200301 a 4500
999 _c232927
_d232927
001 12993103
003 Nust
005 20170226152258.0
008 021105s2002 nyuab 000 1 eng
010 _a 2002728096
020 _a9781904233190
040 _aDLC
_cDLC
_dDLC
050 0 0 _aPS3560.O7617
_bT6 2002
082 0 0 _a813.54
_bJOR
100 1 _aJordan, Robert,
_d1948-2007.
245 1 0 _aTo the blight :
_bpart two of the eye of the world /
_cRobert Jordan.
250 _a1st Starscape ed.
260 _aNew York :
_bTom Doherty Associates,
_c2003.
300 _a500 p. :
_c20 cm.
490 1 _aThe wheel of time ;
_vbk. 1
650 0 _aRand al'Thor (Fictitious character)
_vFiction.
655 7 _aFantasy fiction.
_2gsafd
800 1 _aJordan, Robert,
_d1948-2007.
_tWheel of time ;
_vbk. 1.
856 4 2 _3Publisher description
_uhttp://www.loc.gov/catdir/description/hol052/2002728096.html
856 4 2 _3Contributor biographical information
_uhttp://www.loc.gov/catdir/enhancements/fy0731/2002728096-b.html
856 4 1 _3Sample text
_uhttp://www.loc.gov/catdir/enhancements/fy1207/2002728096-s.html
906 _a7
_bcbc
_corignew
_d2
_encip
_f20
_gy-gencatlg
942 _2ddc
_cBK